000 00313nam a2200121Ia 4500
008 191201s2009 xx 000 0 und d
100 _aSRIVASTAVA, S.C.
245 0 _aManagement of Industrial Relations MBA-OB HRD 6 SEM-3
260 _aN. Delhi
_bVikas Pub
_c2009
300 _a300
650 _aMBA
942 _2ddc
_cBK
999 _c278
_d278